<?xml version="1.0" encoding="UTF-8"?>
<collection xmlns="http://www.loc.gov/MARC21/slim">
 <record>
  <leader>02013nam a2200229Ia 4500</leader>
  <controlfield tag="001">CTU_171626</controlfield>
  <controlfield tag="008">210402s9999    xx            000 0 und d</controlfield>
  <datafield tag="082" ind1=" " ind2=" ">
   <subfield code="a">495.922</subfield>
  </datafield>
  <datafield tag="082" ind1=" " ind2=" ">
   <subfield code="b">D304</subfield>
  </datafield>
  <datafield tag="088" ind1=" " ind2=" ">
   <subfield code="a">60140111</subfield>
  </datafield>
  <datafield tag="100" ind1=" " ind2=" ">
   <subfield code="a">Lê, Thị Diễm</subfield>
  </datafield>
  <datafield tag="245" ind1=" " ind2="0">
   <subfield code="a">Vận dụng quan điểm giao tiếp vào dạy học phần Tiếng Việt 10 (ban cơ bản) :</subfield>
  </datafield>
  <datafield tag="245" ind1=" " ind2="0">
   <subfield code="b">Luận văn Thạc sĩ Khoa học Giáo dục chuyên ngành: Lí luận và phương pháp dạy học bộ môn Văn - Tiếng Việt</subfield>
  </datafield>
  <datafield tag="245" ind1=" " ind2="0">
   <subfield code="c">Lê Thị Diễm ; Đặng Ngọc Lệ (người hướng dẫn khoa học)</subfield>
  </datafield>
  <datafield tag="260" ind1=" " ind2=" ">
   <subfield code="a">Cần Thơ</subfield>
  </datafield>
  <datafield tag="260" ind1=" " ind2=" ">
   <subfield code="b">Đại học Cần Thơ</subfield>
  </datafield>
  <datafield tag="260" ind1=" " ind2=" ">
   <subfield code="c">2011</subfield>
  </datafield>
  <datafield tag="520" ind1=" " ind2=" ">
   <subfield code="a">Xuất phát từ thực trạng sử dụng tiếng Việt của học sinh và từ mục tiêu dạy học tiếng Việt, đề tài &quot;Vận dụng quan điểm giao tiếp vào dạy học phần Tiếng Việt&quot; đã đưa ra một số đóng góp nhằm nâng cao hiệu quả dạy học Tiếng Việt trong trường phổ thông như: Tổng hợp và hệ thống kiến thức lý thuyết, đưa ra một số cách thiết kế giáo án dạy,...thông qua các phương pháp nghiên cứu: phân tích tổng hợp, thống kê, so sánh - đối chiếu và thực nghiệm. Kết cấu của luận văn gồm 3 chương: Chương 1 - Cơ sở lí luận, Chương 2 - Thiết kế giáo án dạy học phần Tiếng Việt 10 (ban cơ bản) theo quan điểm giao tiếp, Chương 3 - Thực nghiệm và cuối cùng là tài liệu tham khảo và phụ lục</subfield>
  </datafield>
  <datafield tag="650" ind1=" " ind2=" ">
   <subfield code="a">Vietnamese language,Tiếng Việt</subfield>
  </datafield>
  <datafield tag="650" ind1=" " ind2=" ">
   <subfield code="x">Study and teaching,Học tập và nghiên cứu</subfield>
  </datafield>
  <datafield tag="904" ind1=" " ind2=" ">
   <subfield code="i">Qhieu</subfield>
  </datafield>
  <datafield tag="980" ind1=" " ind2=" ">
   <subfield code="a">Trung tâm Học liệu Trường Đại học Cần Thơ</subfield>
  </datafield>
 </record>
</collection>
